ARRUPE JESUIT UNIVERSITY

CORONAVIRUS -STOP THE SPREAD - CLEAN,DISINFECT,COVER

Bible and ecology : (Record no. 118468)

MARC details
000 -LEADER
fixed length control field 01640cam a2200349 a 4500
001 - CONTROL NUMBER
control field 16183750
003 - CONTROL NUMBER IDENTIFIER
control field ARRUPE
005 - DATE AND TIME OF LATEST TRANSACTION
control field 20131025120951.0
008 - FIXED-LENGTH DATA ELEMENTS--GENERAL INFORMATION
fixed length control field 100413s2010 txu b 001 0 eng
010 ## - LIBRARY OF CONGRESS CONTROL NUMBER
LC control number 2010015524
020 ## - INTERNATIONAL STANDARD BOOK NUMBER
International Standard Book Number 9781602583108 (pbk. : alk. paper)
020 ## - INTERNATIONAL STANDARD BOOK NUMBER
International Standard Book Number 1602583102
035 ## - SYSTEM CONTROL NUMBER
System control number (OCoLC)ocn608297467
040 ## - CATALOGING SOURCE
Original cataloging agency DLC
Transcribing agency DLC
Modifying agency YDXCP
-- C#P
-- NNG
-- LMR
-- CDX
-- DLC
050 00 - LIBRARY OF CONGRESS CALL NUMBER
Classification number BS660
Item number .B38 2010
300 ## - PHYSICAL DESCRIPTION
Dimensions 22 cm.
100 1# - MAIN ENTRY--PERSONAL NAME
Personal name Bauckham, Richard.
9 (RLIN) 3026
245 10 - TITLE STATEMENT
Title Bible and ecology :
Remainder of title rediscovering the community of creation /
Statement of responsibility, etc Richard Bauckham.
260 ## - PUBLICATION, DISTRIBUTION, ETC. (IMPRINT)
Place of publication, distribution, etc Waco, Tex. :
Name of publisher, distributor, etc Baylor University Press,
Date of publication, distribution, etc 2010.
300 ## - PHYSICAL DESCRIPTION
Extent 226 p. ;
490 0# - SERIES STATEMENT
Series statement Sarum theological lectures
504 ## - BIBLIOGRAPHY, ETC. NOTE
Bibliography, etc Includes bibliographical references (p. 204-213) and indexes.
505 00 - FORMATTED CONTENTS NOTE
Formatted contents note Stewardship in question -- Putting us in our place -- The community of creation -- Where the wild things are -- From alpha to omega.
650 #0 - SUBJECT ADDED ENTRY--TOPICAL TERM
Topical term or geographic name as entry element Human ecology
General subdivision Biblical teaching.
9 (RLIN) 3027
650 #0 - SUBJECT ADDED ENTRY--TOPICAL TERM
Topical term or geographic name as entry element Human ecology
General subdivision Religious aspects
-- Christianity.
9 (RLIN) 3028
856 42 - ELECTRONIC LOCATION AND ACCESS
Materials specified Contributor biographical information
Uniform Resource Identifier <a href="http://www.loc.gov/catdir/enhancements/fy1201/2010015524-b.html">http://www.loc.gov/catdir/enhancements/fy1201/2010015524-b.html</a>
856 42 - ELECTRONIC LOCATION AND ACCESS
Materials specified Publisher description
Uniform Resource Identifier <a href="http://www.loc.gov/catdir/enhancements/fy1201/2010015524-d.html">http://www.loc.gov/catdir/enhancements/fy1201/2010015524-d.html</a>
856 41 - ELECTRONIC LOCATION AND ACCESS
Materials specified Table of contents only
Uniform Resource Identifier <a href="http://www.loc.gov/catdir/enhancements/fy1201/2010015524-t.html">http://www.loc.gov/catdir/enhancements/fy1201/2010015524-t.html</a>
856 41 - ELECTRONIC LOCATION AND ACCESS
Materials specified Sample text
Uniform Resource Identifier <a href="http://www.loc.gov/catdir/enhancements/fy1204/2010015524-s.html">http://www.loc.gov/catdir/enhancements/fy1204/2010015524-s.html</a>
906 ## - LOCAL DATA ELEMENT F, LDF (RLIN)
a 7
b cbc
c orignew
d 1
e ecip
f 20
g y-gencatlg
942 ## - ADDED ENTRY ELEMENTS (KOHA)
Source of classification or shelving scheme Library of Congress Classification
Koha item type Monograph ( Printed materials)
Holdings
Withdrawn status Lost status Source of classification or shelving scheme Damaged status Not for loan Home library Current library Shelving location Date acquired Total Checkouts Full call number Barcode Date last seen Price effective from Koha item type
    Library of Congress Classification     ARRUPE LIBRARY ARRUPE LIBRARY Main Collection 25/10/2013   BS660 .B38 2010 46410493 07/12/2016 25/10/2013 Monograph ( Printed materials)

 

Arrupe Library. PO Box MP320 Mt Pleasant, Harare, Zimbabwe
263 242 745411|librarian@aju.ac.zw